000 00771cam a2200253 a 4500
001 000005913
005 20200929151834.0
008 981103s1999 sp 000 d spa d
020 _a848916357x
040 _aDO-SdBNP
_dBNPHU
082 _a862.3
_bC146al
100 1 _aCalderón de la Barca, Pedro,
_d1600-1681
_95547
245 1 3 _aEl alcalde de Zalamea /
_cPedro Calderón de la Barca.
260 _aMadrid :
_bM. J. ,
_c1999.
300 _a123 p. ;
_c19 cm.
490 1 _aClásicos universales
490 1 _aEdición íntegra
_v22
650 4 _aTeatro español
_93071
650 4 _aLiteratura española
_ySIGLO XVI
_98688
830 0 _aClásicos universales.
_pEdición íntegra ;
_v22
_916679
910 _aCatalogación derivada
910 _aWM
049 _aBNGR
999 _c5709
_d5709